000 00723nam a2200181Ia 4500
001 6442
003 GE_BSU
008 181216s||||||||xx |||||||||||||| ||und||
040 _cGE_BSU
080 _a54+546(076)
245 _aლაბორატორიული სამუშაოები ზოგად და არაორგანულ ქიმიაში. ნაწილი II.
245 _cშემდგ.: პ.გაგნიძე, ლ.რურუა, გ.მეტრეველი, ე.ჩიქვინიძე.
260 _aთბ.
260 _c1987.
300 _a79გვ;20სმ.
653 _aზოგადი და არაორგანული ქიმია.
942 _cBK
999 _c39837
_d39837